عرض عادي عرض مارك
  • Exercise therapy

مدخل مصطلح موضوعي

عدد التسجيلات المستخدمة في: 1

001 - رقم الضبط

  • حقل الضبط: 38215

003 - معرف رقم الضبط

  • حقل الضبط: OSt

005 - تاريخ ووقت أخر عملية

  • حقل الضبط: 20131026133340.0

008 - عناصر بيانات ثابتة الطول

  • حقل تحكم ثابت الطول: 131026|||a|||||| | ||| d

040 ## - مصدر الفهرسة

  • هيئة الفهرسة الأصلية: OSt
  • وكالة الكتابة: OSt

150 ## - مدخل-- مصطلح تاريخي

  • عنصر مدخل المصطلح الموضوعي او الاسم الجغرافي: Exercise therapy
  • تفريع عام: Decision making.

670 ## - بيانات المصدر موجوده

  • الاستشهاد بالمصدر: Work cat.: (OSt)0: Sullivan, Patricia E., 1946- 38214, Clinical decision making in therapeutic exercise /, c1995.